El Kitsch (Record no. 86497)

MARC details
000 -LEADER
campo de control de longitud fija 00798nam a2200229 i 4500
001 - NÚMERO DE CONTROL
campo de control 86497
003 - IDENTIFICADOR DE NÚMERO DE CONTROL
campo de control ES-MaACL
005 - FECHA Y HORA DE LA ÚLTIMA TRANSACCIÓN
campo de control 20250928132509.0
007 - CAMPO FIJO DE DESCRIPCIÓN FÍSICA--INFORMACIÓN GENERAL
campo de control de longitud fija t|
008 - DATOS DE LONGITUD FIJA--INFORMACIÓN GENERAL
campo de control de longitud fija 041213s1973 sp ||||1| spa d
245 03 - MENCIÓN DEL TÍTULO
Título El Kitsch
Resto del título : antología del mal gusto /
Mención de responsabilidad, etc. Gillo Dorfles ; con textos de John Mc Halo .. [et al.] ; y ensayos de Herman Broch y Clement Greenberg ; [traducción de Jaume Pomar].
260 ## - PUBLICACIÓN, DISTRIBUCIÓN, ETC.
Lugar de publicación, distribución, etc. [Barcelona] :
Nombre del editor, distribuidor, etc. Lumen,
Fecha de publicación, distribución, etc. [1973]
300 ## - DESCRIPCIÓN FÍSICA
Extensión 302 p., 17 lám. :
Otras características físicas il. ;
Dimensiones 25 cm.
650 04 - PUNTO DE ACCESO ADICIONAL DE MATERIA--TÉRMINO DE MATERIA
Término de materia o nombre geográfico como elemento de entrada Kitsch.
9 (RLIN) 14038
700 1# - ENTRADA AGREGADA--NOMBRE PERSONAL
Nombre de persona KcHale, John.
9 (RLIN) 67693
700 1# - ENTRADA AGREGADA--NOMBRE PERSONAL
Nombre de persona Broch, Hermann,
Fechas asociadas al nombre 1886-1951
9 (RLIN) 31828
700 1# - ENTRADA AGREGADA--NOMBRE PERSONAL
Nombre de persona Greenberg, Clement.
9 (RLIN) 59852
700 1# - ENTRADA AGREGADA--NOMBRE PERSONAL
Nombre de persona Pomar, Jaume.
9 (RLIN) 92897
700 1# - ENTRADA AGREGADA--NOMBRE PERSONAL
Nombre de persona Dorfles, Gillo.
9 (RLIN) 45398
852 ## - LOCALIZACIÓN
Ubicación ES-MaACL
Número de control de estantería C-55910
Sublocalización o colección R.88433
Holdings
Estatus retirado Estado de pérdida Estado de daño No para préstamo Biblioteca de origen Biblioteca actual Ubicación en estantería Fecha de adquisición Fuente de adquisición Total de préstamos Signatura topográfica completa Código de barras Visto por última vez Precio de reemplazo Tipo de ítem Koha
        Biblioteca del Ateneo de Madrid Biblioteca del Ateneo de Madrid Depósito 2 17/01/2008     C-55910 1090368 23/02/2023 23/02/2023 Libro impreso